Banner

Cartilla de seguridad social y pensiones / (Record no. 1586)

MARC details
000 -LEADER
campo de control de longitud fija 01826nam a22003017a 4500
003 - IDENTIFICADOR DE NÚMERO DE CONTROL
campo de control CoMeUDC
005 - FECHA Y HORA DE LA ÚLTIMA TRANSACCIÓN
campo de control 20221026143216.0
008 - DATOS DE LONGITUD FIJA--INFORMACIÓN GENERAL
campo de control de longitud fija 130321s2019 ck d frl 001 0 spa d
020 ## - NÚMERO INTERNACIONAL ESTÁNDAR DEL LIBRO
Número Internacional Estándar del Libro 9789587678215
040 ## - FUENTE DE CATALOGACIÓN
Centro catalogador/agencia de origen CO-BoUCM
Lengua de catalogación spa
Centro/agencia transcriptor CO-UdeC
Centro/agencia modificador [Nuevo]
041 0# - CÓDIGO DE IDIOMA
Código de lengua del texto/banda sonora o título independiente spa
082 04 - NÚMERO DE LA CLASIFICACIÓN DECIMAL DEWEY
Número de clasificación 348.8
Número de ítem L514
110 ## - ENTRADA PRINCIPAL--NOMBRE DE ENTIDAD CORPORATIVA
9 (RLIN) 216
Nombre de entidad corporativa o nombre de jurisdicción como elemento de entrada LEGIS
245 00 - MENCIÓN DEL TÍTULO
Título Cartilla de seguridad social y pensiones /
Mención de responsabilidad, etc. LEGIS.
260 ## - PUBLICACIÓN, DISTRIBUCIÓN, ETC.
Lugar de publicación, distribución, etc. Bogotá :
Nombre del editor, distribuidor, etc. Legis,
Fecha de publicación, distribución, etc. 2019.
300 ## - DESCRIPCIÓN FÍSICA
Extensión 277 p. :
Otras características físicas gráficas
Dimensiones 25 cm.
500 ## - NOTA GENERAL
Nota general Cuadro explicativo sobre cambio jurisprudencial en maternidad, cuadro explicativo de los aportes a seguridad social de los trabajadores independientes, nuevas disposiciones en incapacidades superiores a 540 días, variaciones a la retención y giro de aportes para los trabajadores independientes, diferencia entre devolución de saldos y excedentes de libre disponibilidad.
504 ## - NOTA DE BIBLIOGRAFÍA, ETC.
Nota de bibliografía, etc. Nota Incluye índice alfabético - informativo
505 ## - NOTA DE CONTENIDO CON FORMATO
Nota de contenido con formato Sistema de seguridad social integral -- Sistema general de pensiones -- Pensiones en el régimen de prima media, ICC -- Derechos y beneficios para los pensionados -- Régimen de ahorro individual con solidaridad -- Pensiones en el régimen de ahorro individual con solidaridad -- Sociedades administradoras de fondos de pensiones -- Sistema de seguridad social en salud -- Sistema general de riesgos laborales -- Cuadros comparativos y datos básicos -- Afiliación servicio doméstico
546 ## - NOTA DE IDIOMA
Nota de lengua/lenguaje Español.
650 #7 - PUNTO DE ACCESO ADICIONAL DE MATERIA--TÉRMINO DE MATERIA
Término de materia o nombre geográfico como elemento de entrada Derecho laboral
Subdivisión geográfica Colombia
9 (RLIN) 12790
650 #7 - PUNTO DE ACCESO ADICIONAL DE MATERIA--TÉRMINO DE MATERIA
Término de materia o nombre geográfico como elemento de entrada Jurisprudencia laboral
Subdivisión geográfica Colombia
9 (RLIN) 33593
650 #7 - PUNTO DE ACCESO ADICIONAL DE MATERIA--TÉRMINO DE MATERIA
Término de materia o nombre geográfico como elemento de entrada Pensiones
Subdivisión geográfica Colombia
9 (RLIN) 33594
650 #7 - PUNTO DE ACCESO ADICIONAL DE MATERIA--TÉRMINO DE MATERIA
Término de materia o nombre geográfico como elemento de entrada Seguridad social
Subdivisión general Legislación
Subdivisión geográfica Colombia
9 (RLIN) 24116
650 #7 - PUNTO DE ACCESO ADICIONAL DE MATERIA--TÉRMINO DE MATERIA
Término de materia o nombre geográfico como elemento de entrada Sistema general de pensiones
Subdivisión geográfica Colombia
9 (RLIN) 33596
650 #7 - PUNTO DE ACCESO ADICIONAL DE MATERIA--TÉRMINO DE MATERIA
Término de materia o nombre geográfico como elemento de entrada Sistema general de riesgos profesionales. SGRP
Subdivisión geográfica Colombia
9 (RLIN) 74321
942 ## - ELEMENTOS DE ENTRADA SECUNDARIOS (KOHA)
Tipo de ítem Koha Libros
Fuente del sistema de clasificación o colocación Clasificación Decimal Dewey
Holdings
Estatus retirado Estado de pérdida Fuente del sistema de clasificación o colocación Estado de daño No para préstamo Colección Biblioteca de origen Biblioteca actual Fecha de adquisición Fuente de adquisición Total de préstamos Signatura topográfica completa Código de barras Visto por última vez Fecha del último préstamo Copia número Precio de reemplazo Tipo de ítem Koha
    Clasificación Decimal Dewey     Colección general U DE COLOMBIA - Biblioteca U DE COLOMBIA - Biblioteca 26/10/2022 donación 3 348.8 L514 003115 28/05/2024 10/05/2024 1 26/10/2022 Libros


Biblioteca Académica Corporación Universitaria U DE COLOMBIA | Teléfono: +(57) (4) 2398080 ext. 1112 | E-mail: biblioteca@udecolombia.edu.co | Dirección: Calle 56 Nº 41 – 147 (Bolivia con Girardot)
Horario de atención: lunes a viernes 8:00 a.m. a 8:00 p.m. - sábados 8:00 a.m. a 4:00 p.m.
Implementado por Grupo EGS.

Powered by Koha